Click the Subdivision on the Map - Statistics

General Stats
  • This quiz has been taken 1,936 times
    1,934 since last reset
  • The average score is 34 of 50
Answers on the Map
Answers color-coded by a green-red scale on the quiz's map according to % correct below.
 
Answer Stats
Answer % Correct
Alaska
91%
Pennsylvania
91%
Scotland
91%
Colorado
90%
Amazonas
89%
Quebec
89%
Washington
89%
Alberta
88%
Normandy
88%
Tibet
88%
Guangdong
86%
Tuscany
86%
Bermuda
85%
Yucatán
85%
Andalusia
84%
Chihuahua
84%
Flanders
84%
Kaliningrad
83%
Queensland
83%
Lombardy
79%
Saxony
79%
Uttar Pradesh
76%
Victoria
74%
Gujarat
73%
Mount Athos
70%
Punjab
68%
French Polynesia
66%
Bahia
63%
Sakha
62%
Free State
61%
Bougainville
60%
Isla de la Juventud
60%
Silesia
59%
Canterbury
58%
Sistan and Baluchestan
57%
Sarawak
56%
Mendoza
53%
Aceh
52%
Oromia
50%
Puntland
46%
Agadez
45%
Cabinda
45%
Nakhchivan
43%
New Valley
43%
Zakarpattia
42%
Antioquia
41%
Presidente Hayes
40%
Chuuk
36%
Ilocos
34%
Callao
30%
No matching quizzes found
Score Distribution
Percent of People with Each Score
Percentile by Number Answered
Your Score History
You have not taken this quiz since the last reset